000 00243nam a2200097Ia 4500
005 20251222175817.0
008 251222s9999||||xx |||||||||||||| ||spa||
082 _aDVD0070/S75/2011
245 0 _aCaballo de guerra:Caballo de batalla
942 _cDVD
999 _c40348
_d40348